000 00268nam a22001217a 4500
008 171013b xxu||||| |||| 00| 0 eng d
041 _aeng
080 _a316
100 _a51
101 _aSOC
245 _aSTATISTICS AND DATA ANALYSIS
_cCRAFT, J.L
942 _2udc
_cBK
999 _c33697
_d33697